| 000 | 00458nam a2200181Ia 4500 | ||
|---|---|---|---|
| 003 | GCL | ||
| 040 |
_aGCL / _cGCL |
||
| 082 | 0 | 4 |
_aCH _b823.087 _bA S |
| 100 | 1 | _aANDERSEN, HANS CHRISTIAN | |
| 245 | 1 | 0 |
_aSTFAD FAST TISOLDIER / _cANDERSEN, HANS CHRISTIAN |
| 700 | 1 | _aLEMOINE, GEORGES | |
| 260 |
_a[S.N] : _bCREATIVE EDUCATION ، _c1993 |
||
| 300 | _a32 P | ||
| 650 | 0 | 4 | _aCHILDREN - LITERATURE |
| 650 | 0 | 4 | _aCHILDREN |
| 650 | 0 | 4 | _aNOVELS |
| 942 |
_2ddc _cBK |
||
| 999 |
_c13647 _d13647 |
||